As a man thinketh / (Record no. 182318)

MARC details
000 -LEADER
fixed length control field 00570nam a22001937a 4500
005 - DATE AND TIME OF LATEST TRANSACTION
control field 20211111113731.0
010 ## - LCCN (DPL NO)
LC control number B-741815
020 ## - INTERNATIONAL STANDARD BOOK NUMBER
International Standard Book Number 9788187057246
Terms of availability 295.00
035 ## - SYSTEM CONTROL NUMBER
System control number B-741815
037 ## - SOURCE OF ACQUISITION
Stock number DPL
Source of stock number/acquisition Gift
082 ## - DEWEY DECIMAL CLASSIFICATION NUMBER
Classification number 289.9
100 ## - MAIN ENTRY--PERSONAL NAME
Personal name Allen, James
245 ## - TITLE STATEMENT
Title As a man thinketh /
Statement of responsibility, etc James Allen
260 ## - PUBLICATION, DISTRIBUTION, ETC. (IMPRINT)
Place of publication, distribution, etc New Delhi
Name of publisher, distributor, etc LDS Marketing
Date of publication, distribution, etc 2020
270 ## - ADDRESS
Address 4803/24, Bharat ram Road, Daryaganj,
City N.Delhi
Postal code 110002
300 ## - PHYSICAL DESCRIPTION
Extent 92p.
Dimensions 20cm(pbk)
942 ## - ADDED ENTRY ELEMENTS (KOHA)
Source of classification or shelving scheme Dewey Decimal Classification
Item type English Books
Classification part 289.9
Call number suffix ALL
Holdings
Withdrawn status Lost status Not for loan Collection code Home library Current library Date acquired Source of acquisition Cost, normal purchase price Full call number Barcode Copy number Cost, replacement price Koha item type Public note
      Non-fiction Ashok Vihar Ashok Vihar 09/11/2021 Gift/1.11.2021 295.00 289.9 ALL B-741815 1 295.00 English Books Gift

© Delhi Public Library
Hit Counter
free hit counter